| 000 | 01081nas a2200349 4500 | ||
|---|---|---|---|
| 001 | BR0601311 | ||
| 003 | BR-BrBNA | ||
| 005 | 20231205105915.0 | ||
| 007 | ta | ||
| 008 | 230509b bl.|||p| |||| 00| 00por d | ||
| 040 |
_aBR-BrBNA _bpor _cBiblioteca Nacional de Agricultura |
||
| 041 | _a(Pt) | ||
| 072 | _aF08; E16 | ||
| 100 | 1 | _aLima, M.B. | |
| 100 | 1 | _aMattos, P.L.P. de | |
| 100 | 1 | _aSouza, J. da S. | |
| 100 | 1 | _aCaldas, R.C. | |
| 100 | 1 | _aFerreira Filho, J.R. | |
| 245 | 1 | _aAspectos econômicos da mandioca em diferentes espaçamentos em monocultivo e consorciada com caupi e milho | |
| 650 | _aMANDIOCA | ||
| 650 | _aFEIJÃO DE CORDA | ||
| 650 | _aMILHO | ||
| 650 | _aECONOMIA DA PRODUÇÃO | ||
| 650 | _aESPAÇAMENTO | ||
| 650 | _aCONSORCIAÇÃO DE CULTURA | ||
| 650 | _aRENTABILIDADE | ||
| 650 | _aANÁLISE COMPARATIVA | ||
| 650 | _aANÁLISE DE CUSTO-BENEFÍCIO | ||
| 773 | 0 |
_tRevista Brasileira de Mandioca (Brazil) _xISSN 0101-563X _g(Oct 2005), v. 18(2) p. 17-26 _wBR0601311 |
|
| 909 |
_a202311 _bLúcia _c55 _dLúcia Elande |
||
| 942 |
_2AGRIS _n0 _cANA |
||
| 999 |
_c185300 _d185300 |
||